000 00461nam a22001817a 4500
005 20250708122325.0
008 250708b |||||||| |||| 00| 0 eng d
020 _a978-1-4080-3047-9
100 _aBERRY, AIDAN
245 _aACCOUNTING IN A BUSINESS CONTEXT
250 _a5TH
260 _aHAMPSHIRE
_bCENGAGE LEARNING EMEA
_c2011
300 _aXVIII
500 _aINCLUDES INDEX,
650 _aACCOUNTING
700 _aJARVIS, ROBIN
942 _2lcc
_cBK
999 _c215846
_d215846